000 00404nam a2200157Ia 4500
003 GCL
008 140319s9999 xx 000 0 ara d
040 _aGCL /
_cGCL
082 0 4 _aد
_b050
100 1 _aجمال بدران
245 1 0 _aالادب السياحى (اقرا 586 ) /
_cجمال بدران
300 _a146
490 _aاقرأ
_v0
650 0 4 _aادب الرحلات
942 _2ddc
_cBK
999 _c48574
_d48574